| 000 | 00449nam a2200181Ia 4500 | ||
|---|---|---|---|
| 003 | OSt | ||
| 005 | 20230517115013.0 | ||
| 008 | 230312s9999||||xx |||||||||||||| ||und|| | ||
| 020 | _a1-118-09319-1 | ||
| 040 | _cSuperior University Lahore | ||
| 082 |
_a651.84 _bHES-I |
||
| 100 | _aLevine;Margaret | ||
| 245 | 0 | _aComplete reference windows vista | |
| 260 |
_bWiley _aUSA _c2011 |
||
| 300 | _a288 | ||
| 650 |
_aComputer _vComputer |
||
| 942 |
_cBK _2ddc |
||
| 999 |
_c15109 _d15109 |
||